000 00910 am a2200265ua 4500
001 011942908
003 OSt
005 20150408113959.0
008 111214s2009 enk || 000 ||eng
010 _a2001036908
015 _aGBA216790
_2bnb
020 _a9780199555192
040 _aDLC
_cDLC
_dUk
082 0 4 _a820.8004 R E L
_221
245 0 0 _aRestoration literature :
_ban anthology /
_cedited with an introduction and notes by Paul Hammond.
260 _aOxford :
_bOxford University Press,
_c2009.
300 _axxxvii, 437 p. ;
_c20 cm.
490 0 _aOxford world's classics
504 _aIncludes bibliographical references.
650 0 _aEnglish literature
_yEarly modern, 1500-1700.
651 0 _aGreat Britain
_xHistory
_yRestoration, 1660-1688
_vLiterary collections.
_98433
700 1 _aHammond, Paul,
_d1953-
_98265
942 _2ddc
_cDVD
999 _c19762
_d254262